00449nam a2200157Ia 450000500170000000800410001708200130005810000160007124500190008726000350010630000120014165000180015394200060017195200990017799900150027620250320161103.0240331s9999 xx 000 0 und d bSAMa894 aSambandan,K 0aDharmavathikal aDehiwalabRajanayagam, Sc1997 a87 p ., aShort Stories cL 001040708LaWERCLbWERCLcSSCd2024-03-31l0o 894.811 SAMp2223r2024-03-31w2024-03-31yL c4145d4145